Catálogo

LA FORMACIÓN SOCIAL Y POLITICA DE LOS CATÓLICOS MEXICANOS : (Registro nro. 60695)

Detalles MARC
000 -LEADER
fixed length control field 00824nam a2200193 a 4500
001 - CONTROL NUMBER
control field 60695
005 - DATE AND TIME OF LATEST TRANSACTION
control field 20180714062041.0
008 - FIXED-LENGTH DATA ELEMENTS--GENERAL INFORMATION
fixed length control field 140415s2008 mx 000 0 spa d
020 ## - INTERNATIONAL STANDARD BOOK NUMBER
International Standard Book Number 9789688596906
041 ## - LANGUAGE CODE
Language code of text/sound track or separate title spa
082 ## - DEWEY DECIMAL CLASSIFICATION NUMBER
Classification number 282.7206
Item number ASP
100 1# - MAIN ENTRY--PERSONAL NAME
Personal name ASPE ARMELLA, MARÍA LUISA
245 13 - TITLE STATEMENT
Title LA FORMACIÓN SOCIAL Y POLITICA DE LOS CATÓLICOS MEXICANOS :
Remainder of title LA ACCIÓN CATÓLICCA MEXICANA Y LA UNIÓN NACIONAL DE ESTUDIANTES CATÓLICOS, 1929-1958
250 ## - EDITION STATEMENT
Edition statement 1a ed.
260 ## - PUBLICATION, DISTRIBUTION, ETC.
Place of publication, distribution, etc. MÉXICO :
Name of publisher, distributor, etc. INSTITUTO MEXICANO DE DOCTRINA SOCIAL CRISTIANA ,
Date of publication, distribution, etc. 2008,
300 ## - PHYSICAL DESCRIPTION
Extent 415
490 ## - SERIES STATEMENT
Series statement COL. ARMO
650 14 - SUBJECT ADDED ENTRY--TOPICAL TERM
Topical term or geographic name entry element IGLESIA CATOLICA
General subdivision MXICO
-- HISTORIA
-- 1928
-- 2000, CATOLICISMO
-- MXICO
-- HISTORIA
-- 1928
-- 2000, POLTICA Y RELIGIN
-- MXICO
-- HISTORIA
-- 1928
-- 2000, POLTICA
-- RELIGIN
-- MXICO
-- HISTORIA
-- 1928
-- 2000
Existencias
Withdrawn status Lost status Source of classification or shelving scheme Damaged status Not for loan Collection code Home library Current library Shelving location Date acquired Source of acquisition Inventory number Total Checkouts Full call number Barcode Date last seen Price effective from Koha item type Public note
    Dewey Decimal Classification   Consulta en sala Archivo Motolinia Biblioteca Karol Wojtyla Biblioteca Karol Wojtyla Sala "Colecciones Especiales" 03/12/2013 Compra 151000000000000000082239   282.7206 ASP 2008 91564 05/01/2026 29/08/2014 Libro Motolinia